| 000 | 00544nam a2200193Ia 4500 | ||
|---|---|---|---|
| 003 | GCL | ||
| 008 | 140319s9999 xx 000 0 eng d | ||
| 040 |
_aGCL / _cGCL |
||
| 082 | 0 | 4 |
_a616.7 _bW M |
| 100 | 1 | _aWRIGHT, VERNE. | |
| 245 | 1 | 0 |
_aMECHANICS OF HUMAN GOINTS: PHYISOLOGY, PATHOPHYSIOLOGY AND TREATMENT / _cWRIGHT, VERNE. |
| 700 | 1 | _aRADIN, ERICL | |
| 260 |
_a[S.N] : _bMARCEL DEKKER, INC ، _c1993 |
||
| 300 | _a465 | ||
| 650 | 0 | 4 | _aHUMAN MECHANICS |
| 650 | 0 | 4 | _aGOINTS - PHYSIOLOGY |
| 650 | 0 | 4 | _aGOINTS - DISEASES |
| 942 |
_2ddc _cBK |
||
| 999 |
_c23502 _d23502 |
||